[Event "63.Camp. Veneto Quarti di Finale"]
[Site "Arquà Petrarca ITA"]
[Date "2003.05.11"]
[Round "5.15"]
[White "Giuriato, Sergio"]
[Black "Zangrando, Gianpietro"]
[Result "1/2-1/2"]
[WhiteElo "2023"]
[BlackElo "1650"]
[Annotator "Gabriele Ballarin"]
[PlyCount "112"]
[EventDate "2003.05.03"]
[EventType "swiss"]
[EventRounds "6"]
[EventCountry "ITA"]

1. d4 Nf6 2. c4 c6 3. Nf3 g6 4. Nc3 d5 5. cxd5 cxd5 6. Ne5 Bg7 7. g3 O-O 8. Bg2 Ne4 9. Nxe4 dxe4 10. Bxe4 Bxe5 11. dxe5 Qxd1+ 12. Kxd1 Nd7 13. Bf4 Rd8 14. Ke1 Nc5 15. Bc2 Bd7 16. f3 Rac8 17. Rc1 Ne6 18. Be3 Bb5 19. Kf2 Rd5 20. f4 Rcd8 21. Rhd1 Nd4 22. Bxd4 Rxd4 23. Ke3 Rxd1 24. Bxd1 Kf8 25. Bb3 Bc6 26. Rc3 e6 27. Bc2 Ke7 28. Bd3 Rd7 29. b4 Kd8 30. Bc4 Rc7 31. Bd3 a6 32. Be4 Bb5 33. Rxc7 Kxc7 34. Bd3 Bc6 35. Kd4 Kb6 36. e4 Ba4 37. g4 Bd1 38. h3 h5 39. g5 Kc6 40. f5 b5 41. fxg6 fxg6 42. Ke3 Kd7 43. Kd2 Bf3 44. h4 Kc6 45. Bc2 Kb6 46. Ke3 Bg4 47. a4 a5 48. bxa5+ Kxa5 49. axb5 Kxb5 50. Kd4 Kb4 51. Bd3 Bd1 52. Ba6 Ka5 53. Bc8 Bb3 54. Bd7 Kb6 55. Be8 Kc7 56. Bxg6 Kd7 1/2-1/2

[Event "63.Camp. Veneto Quarti di Finale"]
[Site "Arquà Petrarca ITA"]
[Date "2003.05.11"]
[Round "5.16"]
[White "Zanatta, Federico"]
[Black "Valentini, Luca"]
[Result "0-1"]
[WhiteElo "1654"]
[BlackElo "1800"]
[Annotator "Gabriele Ballarin"]
[PlyCount "100"]
[EventDate "2003.05.03"]
[EventType "swiss"]
[EventRounds "6"]
[EventCountry "ITA"]

1. e4 c5 2. Nf3 d6 3. d4 cxd4 4. Qxd4 Nc6 5. Bb5 Bd7 6. Bxc6 Bxc6 7. c4 Nf6 8. Nc3 g6 9. O-O Bg7 10. Nd5 O-O 11. Qd3 Bxd5 12. cxd5 Nd7 13. Be3 Qa5 14. Bd4 Rfc8 15. a3 Nc5 16. Qe3 Qb5 17. b4 Na4 18. Rac1 a5 19. Bxg7 Kxg7 20. Qd4+ f6 21. Ng5 axb4 22. Ne6+ Kf7 23. axb4 Rab8 24. g4 Qe2 25. h3 Qf3 26. Kh2 Nc3 27. Qd2 g5 28. Nd4 Qf4+ 29. Qxf4 gxf4 30. f3 Na2 31. Rc2 Nxb4 32. Rb2 Nd3 33. Rb3 Nc5 34. Rb6 Ra8 35. Rfb1 Ra4 36. Nf5 Ra2+ 37. R1b2 Rca8 38. Kg2 R2a3 39. R6b5 Rd3 40. h4 Raa3 41. Rf2 Rab3 42. Rxb3 Rxb3 43. h5 b5 44. Nd4 Rb1 45. Nc2 b4 46. Rf1 Rb2 47. Rf2 b3 48. Na3 Ra2 49. Rxa2 bxa2 50. Nc2 Nb3 {Nur} 0-1

[Event "63.Camp. Veneto Quarti di Finale"]
[Site "Arquà Petrarca ITA"]
[Date "2003.05.11"]
[Round "5.17"]
[White "Zanirato, Stefano"]
[Black "Boscolo, Michele"]
[Result "1/2-1/2"]
[WhiteElo "1716"]
[BlackElo "1638"]
[Annotator "Gabriele Ballarin"]
[PlyCount "80"]
[EventDate "2003.05.03"]
[EventType "swiss"]
[EventRounds "6"]
[EventCountry "ITA"]

1. Nf3 d5 2. d3 Nf6 3. c3 g6 4. Qc2 Bg7 5. e4 dxe4 6. dxe4 O-O 7. Be2 Nc6 8. O-O Bg4 9. Nbd2 Qd7 10. Rd1 Rad8 11. Nc4 Qc8 12. Bf4 Rxd1+ 13. Rxd1 Rd8 14. Ne3 Rxd1+ 15. Bxd1 Qd7 16. h3 Bxf3 17. Bxf3 Ne8 18. Ng4 h5 19. Nh6+ Bxh6 20. Bxh6 Ng7 21. Be2 Ne6 22. Be3 a6 23. f4 Ng7 24. g4 hxg4 25. hxg4 e6 26. Bf2 e5 27. f5 g5 28. Be3 f6 29. Bc4+ Kf8 30. Bd5 b6 31. Qh2 Ke7 32. Qh7 Kd6 33. Qg6 Ne8 34. Bf7 Ke7 35. Bd5 Kd8 36. Bxg5 fxg5 37. Qxc6 Qxc6 38. Bxc6 Nf6 39. Kg2 Nxg4 40. Kg3 Nf6 1/2-1/2

[Event "63.Camp. Veneto Quarti di Finale"]
[Site "Arquà Petrarca ITA"]
[Date "2003.05.11"]
[Round "5.18"]
[White "Mocellin, Gianfranco"]
[Black "Angelini, Francesco"]
[Result "1-0"]
[WhiteElo "1708"]
[BlackElo "1630"]
[Annotator "Gabriele Ballarin"]
[PlyCount "118"]
[EventDate "2003.05.03"]
[EventType "swiss"]
[EventRounds "6"]
[EventCountry "ITA"]

1. d4 e6 2. e3 f5 3. Nf3 Nf6 4. Ne5 Be7 5. Be2 O-O 6. f4 d6 7. Nf3 Nbd7 8. Bc4 d5 9. Bd3 c5 10. c3 c4 11. Bc2 b5 12. O-O a5 13. a3 Bb7 14. Bd2 Qb6 15. Qe2 b4 16. Ne5 b3 17. Bd1 Qc7 18. Rf3 Ne4 19. Be1 a4 20. Rh3 Nxe5 21. fxe5 Ng5 22. Rg3 Ne4 23. Rf3 Ng5 24. Rf1 Ne4 25. h4 Qd8 26. g3 Qe8 27. Nd2 Qg6 28. Qg2 Qh6 29. Qf3 g5 30. Kg2 gxh4 31. Rh1 Kh8 32. Be2 h3+ 33. Rxh3 Qxh3+ 34. Kxh3 Ng5+ 35. Kg2 Nxf3 36. Bxf3 Rg8 37. Nxc4 Ba6 38. Nd2 Bd3 39. Bf2 Rg7 40. Rh1 Bg5 41. c4 Be4 42. Bxe4 fxe4 43. c5 Rf7 44. Re1 Raf8 45. Re2 Rc7 46. Nb1 Ra8 47. Nc3 Ra6 48. Nb5 Rcc6 49. Nd6 Be7 50. Be1 Bxd6 51. exd6 e5 52. Bb4 exd4 53. exd4 Kg7 54. Rf2 Rc8 55. Rf5 Rxd6 56. cxd6 Rc2+ 57. Kh3 Rxb2 58. d7 Rh2+ 59. Kxh2 b2 1-0

[Event "63.Camp. Veneto Quarti di Finale"]
[Site "Arquà Petrarca ITA"]
[Date "2003.05.11"]
[Round "5.19"]
[White "Ballarin, Gabriele"]
[Black "Maniero, Riccardo"]
[Result "0-1"]
[WhiteElo "1582"]
[BlackElo "1696"]
[Annotator "Gabriele Ballarin"]
[PlyCount "100"]
[EventDate "2003.05.03"]
[EventType "swiss"]
[EventRounds "6"]
[EventCountry "ITA"]
[SourceTitle "Inf 22"]

1. e4 Nc6 2. d4 d5 3. Nc3 dxe4 4. d5 Nb8 5. Bc4 Nf6 6. Bg5 Nbd7 7. Qe2 Nb6 8. Bb3 Bg4 9. f3 exf3 10. Nxf3 Qd7 11. Bxf6 gxf6 12. Ne4 O-O-O 13. O-O-O Qf5 14. c4 Bh6+ 15. Kb1 e6 16. Bc2 Bxf3 17. gxf3 Qe5 18. Rhf1 f5 19. c5 Nxd5 20. Nd6+ cxd6 21. Qb5 Nc7 22. Qa4 Qxc5 23. f4 Kb8 24. Rd3 Qb5 25. Qd4 Nd5 26. a4 Qb4 27. Qf2 Qxf4 28. Qe2 Qe5 29. Qh5 Bg7 30. Rb3 Rd7 31. Rg1 Qd4 32. Rd1 Qg4 33. Qxg4 fxg4 34. Be4 Nb6 35. a5 Nc4 36. a6 d5 37. Bd3 Nb6 38. Bb5 Rc7 39. Rg1 h5 40. h3 f5 41. hxg4 hxg4 42. Re1 e5 43. axb7 Kxb7 44. Bf1 f4 45. Bg2 f3 46. Bxf3 gxf3 47. Rxf3 e4 48. Rf5 Rh2 49. Rg1 Rxb2+ 50. Ka1 Rg2+ 0-1

[Event "63.Camp. Veneto Quarti di Finale"]
[Site "Arquà Petrarca ITA"]
[Date "2003.05.11"]
[Round "5.20"]
[White "Gomez de Ayala, Paolo"]
[Black "Stiz, Massimiliano"]
[Result "0-1"]
[WhiteElo "1692"]
[BlackElo "1621"]
[Annotator "Gabriele Ballarin"]
[PlyCount "104"]
[EventDate "2003.05.03"]
[EventType "swiss"]
[EventRounds "6"]
[EventCountry "ITA"]

1. d4 Nf6 2. c4 c5 3. d5 b5 4. cxb5 a6 5. Nc3 axb5 6. e4 b4 7. Nb5 d6 8. Bf4 Nbd7 9. Bg3 g6 10. Bd3 Nh5 11. a4 bxa3 12. Rxa3 Rxa3 13. bxa3 Nxg3 14. hxg3 Bg7 15. f4 O-O 16. Nf3 Ba6 17. Qd2 Qb6 18. a4 Rc8 19. Bc4 Nf6 20. Qc2 Qa5+ 21. Ke2 Nd7 22. Rb1 Nb6 23. e5 Qxa4 24. Qxa4 Nxa4 25. Kd3 dxe5 26. fxe5 Nb6 27. d6 exd6 28. Nxd6 Nxc4 29. Nxc4 Re8 30. Rb6 Bxc4+ 31. Kxc4 Bxe5 32. Kxc5 Bxg3 33. Rb7 h6 34. Rb2 Kg7 35. Kc6 Re7 36. Rd2 Rc7+ 37. Kb6 Kf6 38. Ng1 h5 39. Ne2 Be5 40. Ng1 Rc8 41. Nf3 Rb8+ 42. Kc6 Rb2 43. Rxb2 Bxb2 44. Kd5 g5 45. Ke4 Kg6 46. Nh2 f5+ 47. Kf3 g4+ 48. Kf4 Bc1+ 49. Ke5 Kg5 50. g3 f4 51. Nf1 fxg3 52. Nxg3 Bf4+ 0-1

[Event "63.Camp. Veneto Quarti di Finale"]
[Site "Arquà Petrarca ITA"]
[Date "2003.05.11"]
[Round "5.21"]
[White "De Nard, Stefano"]
[Black "Marson, Luca"]
[Result "0-1"]
[WhiteElo "1569"]
[BlackElo "1690"]
[Annotator "Gabriele Ballarin"]
[PlyCount "108"]
[EventDate "2003.05.03"]
[EventType "swiss"]
[EventRounds "6"]
[EventCountry "ITA"]

1. e4 c5 2. Nc3 Nc6 3. f4 g6 4. Nf3 Bg7 5. Bc4 e6 6. O-O Nge7 7. d3 O-O 8. Qe1 a6 9. Bb3 b5 10. f5 d5 11. Qh4 Nxf5 12. exf5 Qxh4 13. Nxh4 Bd4+ 14. Kh1 c4 15. fxg6 hxg6 16. dxc4 dxc4 17. Bxc4 bxc4 18. Ne2 Bg7 19. Nf3 Rb8 20. c3 e5 21. Nd2 Be6 22. b4 Bf5 23. Ng3 Bd3 24. Re1 f5 25. Bb2 e4 26. Ne2 Nxb4 27. Ba3 Nc2 28. Bxf8 Nxa1 29. Bxg7 Kxg7 30. Nd4 Nc2 31. Nxc2 Bxc2 32. Nxc4 Bd3 33. Ne5 Rb2 34. Nxd3 exd3 35. h3 d2 36. Rd1 Rxa2 37. Kh2 Kf6 38. Kg3 Rc2 39. Kf2 Rxc3 40. Rxd2 Rc6 41. Ra2 Re6 42. Kf3 Ke7 43. Kf4 Kd7 44. g4 fxg4 45. Kxg4 Kc7 46. Kg5 Kb7 47. h4 Kb6 48. Rb2+ Kc5 49. Rb8 a5 50. Rc8+ Rc6 51. Rb8 a4 52. Ra8 Kb5 53. Rb8+ Rb6 54. Re8 Kb4 0-1

[Event "63.Camp. Veneto Quarti di Finale"]
[Site "Arquà Petrarca ITA"]
[Date "2003.05.11"]
[Round "5.22"]
[White "Tonolo, Maurizio"]
[Black "Canazza, Alessandro"]
[Result "1-0"]
[WhiteElo "1687"]
[BlackElo "1615"]
[Annotator "Gabriele Ballarin"]
[PlyCount "101"]
[EventDate "2003.05.03"]
[EventType "swiss"]
[EventRounds "6"]
[EventCountry "ITA"]

1. d4 Nf6 2. c4 g6 3. Nc3 d5 4. cxd5 Nxd5 5. e4 Nxc3 6. bxc3 Bg7 7. Nf3 O-O 8. h3 c5 9. Be3 Nc6 10. Qa4 cxd4 11. cxd4 Qa5+ 12. Qxa5 Nxa5 13. Rc1 Rd8 14. Bd3 Nc6 15. d5 Ne5 16. Nxe5 Bxe5 17. Ke2 Bf6 18. Rhd1 e6 19. Bc4 b6 20. f3 exd5 21. Bxd5 Ba6+ 22. Kf2 Rac8 23. f4 Kf8 24. g4 Ke7 25. Bb3 Rxd1 26. Rxd1 Rc3 27. g5 Bg7 28. e5 Bc4 29. Rc1 Rxc1 30. Bxc1 Bxb3 31. axb3 Ke6 32. Ba3 h6 33. h4 Kf5 34. Kf3 h5 35. Bd6 a6 36. b4 a5 37. b5 a4 38. Bb4 Bh8 39. Bf8 Bg7 40. Bxg7 Ke6 41. Bf8 Kd5 42. Ke3 Kc4 43. f5 Kd5 44. fxg6 fxg6 45. Kf4 Ke6 46. Ke4 Kf7 47. Bb4 Ke6 48. Ba3 Kd7 49. Kd5 Ke8 50. Ke6 Kd8 51. Kf7 1-0

[Event "63.Camp. Veneto Quarti di Finale"]
[Site "Arquà Petrarca ITA"]
[Date "2003.05.11"]
[Round "5.23"]
[White "Ferrari, Mario"]
[Black "Bdair, Bilal"]
[Result "0-1"]
[WhiteElo "1662"]
[BlackElo "1600"]
[Annotator "Gabriele Ballarin"]
[PlyCount "124"]
[EventDate "2003.05.03"]
[EventType "swiss"]
[EventRounds "6"]
[EventCountry "ITA"]

1. e4 e6 2. d4 d5 3. Nc3 Bb4 4. e5 c5 5. Bd2 cxd4 6. Nb5 Bxd2+ 7. Qxd2 Nc6 8. f4 Nge7 9. Nd6+ Kf8 10. Nf3 Nf5 11. Nxf5 exf5 12. O-O-O Be6 13. Bb5 a6 14. Bxc6 bxc6 15. Nxd4 c5 16. Nb3 Qb6 17. Rhe1 Rb8 18. Qa5 Qxa5 19. Nxa5 Rb6 20. Nc4 Rb4 21. Nd6 Rxf4 22. Rd3 Rb4 23. Ra3 Rb6 24. Ra5 c4 25. Rd1 Ke7 26. Rc5 Rd8 27. Rc7+ Rd7 28. Nc8+ Kd8 29. Rxd7+ Kxc8 30. Ra7 Kb8 31. Re7 Kc8 32. h3 Kd8 33. Ra7 Kc8 34. Rf1 g5 35. Rf3 Kb8 36. Re7 h5 37. h4 g4 38. Ra3 Rc6 39. Kd2 d4 40. Ra5 f4 41. Re8+ Rc8 42. Rxc8+ Bxc8 43. Rd5 g3 44. Rxd4 f3 45. Ke3 f2 46. Rd1 Bb7 47. Ke2 Bxg2 48. Rd8+ Kc7 49. Rd1 Bh3 50. Rc1 Kd7 51. b3 cxb3 52. cxb3 Ke6 53. b4 Kxe5 54. a4 f5 55. b5 f1=Q+ 56. Rxf1 Bxf1+ 57. Kxf1 axb5 58. axb5 Kd6 59. Kg2 f4 60. Kf3 Kc5 61. Kxf4 g2 62. b6 Kxb6 0-1

[Event "63.Camp. Veneto Quarti di Finale"]
[Site "Arquà Petrarca ITA"]
[Date "2003.05.11"]
[Round "5.24"]
[White "Cipolotti, Piersilvio"]
[Black "Morganti, Lionello"]
[Result "0-1"]
[WhiteElo "1612"]
[BlackElo "1636"]
[Annotator "Gabriele Ballarin"]
[PlyCount "72"]
[EventDate "2003.05.03"]
[EventType "swiss"]
[EventRounds "6"]
[EventCountry "ITA"]

1. Nf3 Nf6 2. g3 g6 3. Bg2 Bg7 4. O-O c5 5. d3 d5 6. Nbd2 Nc6 7. c3 b6 8. e4 dxe4 9. dxe4 Bb7 10. h3 O-O 11. Nh2 Qc7 12. f4 Rfd8 13. Ng4 Rd3 14. Nxf6+ exf6 15. Rf3 Rad8 16. Rxd3 Rxd3 17. Qe1 Qd7 18. Kh2 Na5 19. Bf1 Rd6 20. Bg2 Ba6 21. b4 cxb4 22. cxb4 Nc6 23. Nf3 Rd1 24. Qc3 Rd3 25. Qe1 Nd4 26. Qf2 Nxf3+ 27. Bxf3 Bb7 28. Be3 f5 29. e5 Bxf3 30. Qxf3 Qc7 31. a3 Qc3 32. Qa8+ Bf8 33. Qxa7 Qb2+ 34. Kh1 Qxa1+ 35. Bg1 Rxg3 36. Qxb6 Qf1 0-1

[Event "63.Camp. Veneto Quarti di Finale"]
[Site "Arquà Petrarca ITA"]
[Date "2003.05.11"]
[Round "5.25"]
[White "Fracasso Pezzolato, Michele"]
[Black "Battiston, Gianfranco"]
[Result "1-0"]
[WhiteElo "1630"]
[BlackElo "1564"]
[Annotator "Gabriele Ballarin"]
[PlyCount "71"]
[EventDate "2003.05.03"]
[EventType "swiss"]
[EventRounds "6"]
[EventCountry "ITA"]

1. e4 e5 2. Nf3 Nc6 3. d4 exd4 4. Bc4 Be7 5. Nxd4 d6 6. Nc3 Nf6 7. O-O O-O 8. Nf5 Bxf5 9. exf5 a6 10. a4 Ne5 11. Ba2 c6 12. Re1 Re8 13. Bf4 Qc7 14. Qd4 Rad8 15. Ne4 Nxe4 16. Qxe4 Bf6 17. Bg3 Re7 18. Rad1 Rde8 19. Qb4 c5 20. Qd2 Qc8 21. f3 Qxf5 22. Qxd6 Nxf3+ 23. gxf3 Rxe1+ 24. Bxe1 Qg6+ 25. Bg3 h5 26. Qd3 Qg5 27. Kh1 h4 28. Bf2 Rd8 29. Qe2 h3 30. Rg1 Qf4 31. Bg3 Qh6 32. Rd1 Bd4 33. c3 Qc6 34. cxd4 cxd4 35. Qd3 Re8 36. Bf2 1-0

[Event "63.Camp. Veneto Quarti di Finale"]
[Site "Arquà Petrarca ITA"]
[Date "2003.05.11"]
[Round "5.26"]
[White "Alessi, Giovanni"]
[Black "Fabiano, Manuel"]
[Result "1-0"]
[WhiteElo "1500"]
[BlackElo "1600"]
[Annotator "Gabriele Ballarin"]
[PlyCount "107"]
[EventDate "2003.05.03"]
[EventType "swiss"]
[EventRounds "6"]
[EventCountry "ITA"]

1. e4 Nf6 2. Nc3 d5 3. exd5 Nxd5 4. d4 Nc6 5. Nxd5 Qxd5 6. c3 Bf5 7. Nf3 O-O-O 8. Be3 e6 9. Be2 h6 10. h4 Be7 11. a3 Na5 12. Qa4 Nc6 13. b4 a6 14. c4 Qe4 15. Rd1 Qc2 16. Qxc2 Bxc2 17. Rd2 Be4 18. O-O g5 19. h5 f5 20. d5 exd5 21. cxd5 Rxd5 22. Nd4 f4 23. Nxc6 bxc6 24. Rxd5 Bxd5 25. Bd4 Re8 26. Bxa6+ Kd7 27. Bd3 g4 28. Bf5+ Be6 29. Bg6 Ra8 30. Rd1 Bd6 31. Rd3 Ke7 32. Bg7 Bf7 33. Bb2 Bxg6 34. hxg6 Rg8 35. g7 h5 36. g3 Ke6 37. Rb3 Kf5 38. a4 Be5 39. Bxe5 Kxe5 40. gxf4+ Kxf4 41. Rc3 Rxg7 42. Rxc6 Rd7 43. Rc4+ Kg5 44. a5 Kh4 45. Kg2 Kg5 46. a6 h4 47. a7 h3+ 48. Kh2 Rd2 49. a8=Q Rxf2+ 50. Kg1 Rd2 51. Qg8+ Kf6 52. Rf4+ Ke5 53. Qg5+ Kd6 54. Rf6+ 1-0

[Event "63.Camp. Veneto Quarti di Finale"]
[Site "Arquà Petrarca ITA"]
[Date "2003.05.11"]
[Round "5.27"]
[White "De Vries, Bernhard"]
[Black "Gallo, Carlo"]
[Result "0-1"]
[WhiteElo "1434"]
[BlackElo "1678"]
[Annotator "Gabriele Ballarin"]
[PlyCount "90"]
[EventDate "2003.05.03"]
[EventType "swiss"]
[EventRounds "6"]
[EventCountry "ITA"]

1. d4 d6 2. c4 Nd7 3. Nf3 Ngf6 4. Nc3 e5 5. Bg5 Be7 6. e3 c6 7. Bd3 Qc7 8. O-O O-O 9. Rc1 Re8 10. Qc2 Nf8 11. h3 h6 12. Bh4 Nh5 13. Bxe7 Qxe7 14. d5 c5 15. g4 Nf6 16. Ne4 h5 17. Nxf6+ Qxf6 18. Bf5 hxg4 19. hxg4 g6 20. Bxc8 Qxf3 21. Bxb7 Qxg4+ 22. Kh2 e4 23. Rg1 Qh5+ 24. Kg2 Rab8 25. Bc6 Re5 26. Kf1 Nh7 27. b3 Ng5 28. Bd7 Nf3 29. Bg4 Nh2+ 30. Ke1 Nxg4 31. Qe2 f5 32. Kd2 Qg5 33. Rg3 Qf6 34. Rcg1 Re7 35. Kc2 a5 36. a4 Reb7 37. Rb1 Rh7 38. Rbg1 Rh2 39. Rf1 Kf7 40. Qd2 Qd8 41. Rgg1 Qb6 42. Qc3 Nxf2 43. Kc1 Nd3+ 44. Kd1 Qxb3+ 45. Qxb3 Rxb3 0-1

[Event "63.Camp. Veneto Quarti di Finale"]
[Site "Arquà Petrarca ITA"]
[Date "2003.05.11"]
[Round "5.28"]
[White "Rigo, Gianfrancesco"]
[Black "Zambon, Roberto"]
[Result "1-0"]
[WhiteElo "2055"]
[BlackElo "1537"]
[Annotator "Gabriele Ballarin"]
[PlyCount "74"]
[EventDate "2003.05.03"]
[EventType "swiss"]
[EventRounds "6"]
[EventCountry "ITA"]

1. e4 d5 2. exd5 Qxd5 3. Nc3 Qa5 4. d4 Nf6 5. Bc4 c6 6. Bd2 Qb6 7. Nf3 Bg4 8. Bxf7+ Kxf7 9. Ne5+ Kg8 10. Nxg4 Qxd4 11. Nxf6+ Qxf6 12. O-O Nd7 13. Qe2 h6 14. Rfe1 e5 15. Ne4 Qf7 16. Bc3 Qe6 17. Rad1 Be7 18. Rd3 Re8 19. Qd1 Nb6 20. Bxe5 Qxa2 21. Qg4 Rh7 22. Bc3 Rf8 23. Ng3 Bc5 24. Rf3 Qd5 25. Rxf8+ Kxf8 26. Qg6 Kg8 27. Re8+ Bf8 28. Rxf8+ Kxf8 29. Qxh7 Qd1+ 30. Nf1 Qg4 31. Ne3 Qg5 32. h4 Qxh4 33. Qxg7+ Ke8 34. Nf5 Qd8 35. Qe5+ Kf7 36. Nxh6+ Kg6 37. Qg7+ Kh5 1-0

[Event "63.Camp. Veneto Quarti di Finale"]
[Site "Arquà Petrarca ITA"]
[Date "2003.05.11"]
[Round "5.29"]
[White "Tonus, Alex"]
[Black "Pilotto, Alessandro"]
[Result "0-1"]
[WhiteElo "1689"]
[BlackElo "1495"]
[Annotator "Gabriele Ballarin"]
[PlyCount "78"]
[EventDate "2003.05.03"]
[EventType "swiss"]
[EventRounds "6"]
[EventCountry "ITA"]

1. e4 d6 2. d4 g6 3. Nc3 Bg7 4. f4 Nf6 5. Nf3 e6 6. h3 b6 7. Be3 Bb7 8. Bd3 a6 9. Qe2 b5 10. a3 Nbd7 11. g4 c5 12. dxc5 dxc5 13. e5 Nd5 14. Ne4 Bf8 15. c4 Nxe3 16. Qxe3 Qa5+ 17. Kf2 Qc7 18. Rhd1 Be7 19. b3 a5 20. cxb5 c4 21. bxc4 Nc5 22. Kg3 O-O 23. Kg2 Nb3 24. Rab1 a4 25. f5 Bxa3 26. f6 Rfd8 27. Qh6 Bf8 28. Qe3 Rd7 29. h4 Rad8 30. h5 Nd4 31. hxg6 fxg6 32. Be2 Nxf3 33. Rxd7 Nh4+ 34. Kh3 Rxd7 35. Qf4 Bxe4 36. Qxe4 g5 37. b6 Qb7 38. Bd3 a3 39. Qe3 Qg2# 0-1

[Event "63.Camp. Veneto Quarti di Finale"]
[Site "Arquà Petrarca ITA"]
[Date "2003.05.11"]
[Round "5.30"]
[White "Lo Duca, Massimiliano"]
[Black "Navarro, Tommaso"]
[Result "1-0"]
[WhiteElo "1300"]
[BlackElo "1552"]
[Annotator "Gabriele Ballarin"]
[PlyCount "53"]
[EventDate "2003.05.03"]
[EventType "swiss"]
[EventRounds "6"]
[EventCountry "ITA"]

1. e4 e5 2. Nf3 Nc6 3. d4 exd4 4. Bc4 Be7 5. Nxd4 Nf6 6. Nxc6 bxc6 7. e5 Ng8 8. Qf3 f6 9. O-O Bb7 10. Bg5 d5 11. exf6 Nxf6 12. Bxf6 Bxf6 13. Re1+ Kf7 14. Bd3 Rf8 15. Qh5+ g6 16. Qxh7+ Bg7 17. Qxg6+ Kg8 18. Re3 Rf6 19. Qh7+ Kf8 20. Nd2 d4 21. Rg3 Qe7 22. Bc4 Qe5 23. Qxg7+ Ke8 24. Nf3 Qd6 25. Re1+ Kd8 26. Qh8+ Rf8 27. Rg8 1-0

[Event "63.Camp. Veneto Quarti di Finale"]
[Site "Arquà Petrarca ITA"]
[Date "2003.05.11"]
[Round "5.31"]
[White "Lanzetta, Alberto"]
[Black "Mingardi, Alessandro"]
[Result "1-0"]
[WhiteElo "1494"]
[BlackElo "1300"]
[Annotator "Gabriele Ballarin"]
[PlyCount "57"]
[EventDate "2003.05.03"]
[EventType "swiss"]
[EventRounds "6"]
[EventCountry "ITA"]

1. d4 f5 2. Nf3 e6 3. g3 Nf6 4. Bg2 d5 5. O-O Be7 6. c4 c6 7. Nbd2 O-O 8. Ne5 Qe8 9. e3 Nbd7 10. Ndf3 Nxe5 11. Nxe5 Ne4 12. f3 Nd6 13. b3 Nf7 14. Nd3 b6 15. Qe2 Bb7 16. Bb2 Rd8 17. Rfe1 h6 18. a3 Ng5 19. Nf4 Bf6 20. Rad1 Nh7 21. e4 g5 22. Nh3 f4 23. e5 Bg7 24. Qd3 Rf7 25. a4 dxc4 26. Qxc4 Rd5 27. Nf2 Nf8 28. Ne4 Rfd7 29. Nd6 1-0

[Event "63.Camp. Veneto Quarti di Finale"]
[Site "Arquà Petrarca ITA"]
[Date "2003.05.11"]
[Round "5.32"]
[White "Vaglio, Alessandro"]
[Black "Tencheni, Maurizio"]
[Result "1-0"]
[WhiteElo "1539"]
[BlackElo "1300"]
[Annotator "Gabriele Ballarin"]
[PlyCount "129"]
[EventDate "2003.05.03"]
[EventType "swiss"]
[EventRounds "6"]
[EventCountry "ITA"]

1. c4 c5 2. Nf3 d6 3. g3 g6 4. Bg2 Bg7 5. d3 Nf6 6. O-O O-O 7. Nc3 Nc6 8. Rb1 a6 9. Nd2 Qc7 10. Nde4 b6 11. Bg5 Bb7 12. Nxf6+ exf6 13. Bf4 Qd8 14. Nd5 g5 15. Bd2 Ne7 16. Nxe7+ Qxe7 17. Bc3 Bxg2 18. Kxg2 b5 19. b4 Rfe8 20. Re1 Rad8 21. bxc5 dxc5 22. cxb5 Qb7+ 23. Kg1 axb5 24. Qc2 b4 25. Ba1 Qd5 26. Rbc1 Rc8 27. Qc4 Qd6 28. Bb2 f5 29. Bxg7 Kxg7 30. Qb3 Re5 31. a3 bxa3 32. Qxa3 Rce8 33. Qb2 Kg8 34. Rc4 Qe7 35. e3 Qd6 36. d4 Rd5 37. Rxc5 Rxc5 38. dxc5 Qxc5 39. Rc1 Qe7 40. Qb5 Qe5 41. Rc5 Qa1+ 42. Kg2 Qa8+ 43. Kg1 Qa1+ 44. Qf1 Qf6 45. Qb5 Qa1+ 46. Kg2 Qa8+ 47. Qc6 Qxc6+ 48. Rxc6 Kg7 49. Kf3 Re6 50. Rc4 Kg6 51. h3 h5 52. h4 f6 53. Rd4 Kf7 54. Rd7+ Re7 55. Rxe7+ Kxe7 56. e4 Ke6 57. Ke3 fxe4 58. Kxe4 gxh4 59. gxh4 f5+ 60. Kf4 Kf6 61. f3 Ke6 62. Kg5 Ke5 63. Kxh5 Kf4 64. Kg6 Kg3 65. h5 1-0

[Event "63.Camp. Veneto Quarti di Finale"]
[Site "Arquà Petrarca ITA"]
[Date "2003.05.11"]
[Round "5.33"]
[White "Menin, Massimo"]
[Black "Turri, Riccardo"]
[Result "0-1"]
[WhiteElo "1534"]
[BlackElo "1300"]
[Annotator "Gabriele Ballarin"]
[PlyCount "76"]
[EventDate "2003.05.03"]
[EventType "swiss"]
[EventRounds "6"]
[EventCountry "ITA"]

1. Nf3 d5 2. d4 e6 3. g3 Nf6 4. Bg2 Nbd7 5. O-O c5 6. c3 cxd4 7. cxd4 Nb6 8. Nc3 Be7 9. Re1 O-O 10. Nd2 Bd7 11. e4 Rc8 12. e5 Ne8 13. a3 Nc7 14. Qg4 f5 15. exf6 Bxf6 16. Nf3 e5 17. Qh5 g6 18. Qh6 exd4 19. Na2 Bg7 20. Qg5 Qxg5 21. Nxg5 Rfe8 22. Bf4 d3 23. Nb4 Bxb2 24. Rab1 Rxe1+ 25. Rxe1 Bxa3 26. Nxd3 Nb5 27. h4 Re8 28. Re5 Rxe5 29. Bxe5 Bc6 30. Nf3 Nc4 31. Nd4 Nxe5 32. Nxb5 Nxd3 33. Nxa3 d4 34. Bxc6 bxc6 35. Kf1 Kf7 36. Nc4 Ke6 37. Ke2 Ne5 38. f4 Nxc4 0-1

[Event "63.Camp. Veneto Quarti di Finale"]
[Site "Arquà Petrarca ITA"]
[Date "2003.05.11"]
[Round "6.1"]
[White "Lain, Luigi"]
[Black "Cacco, Christian"]
[Result "1/2-1/2"]
[WhiteElo "2256"]
[BlackElo "2312"]
[Annotator "Gabriele Ballarin"]
[PlyCount "32"]
[EventDate "2003.05.03"]
[EventType "swiss"]
[EventRounds "6"]
[EventCountry "ITA"]

1. d4 c5 2. d5 e5 3. c4 d6 4. e4 Be7 5. Bd3 Nf6 6. Nc3 a6 7. Nge2 Nh5 8. O-O Bg5 9. Bc2 O-O 10. f3 g6 11. Kh1 b6 12. Bd2 Bd7 13. g3 b5 14. b3 Ra7 15. Ng1 Rb7 16. Qe2 Qe7 1/2-1/2

[Event "63.Camp. Veneto Quarti di Finale"]
[Site "Arquà Petrarca ITA"]
[Date "2003.05.11"]
[Round "6.2"]
[White "Genocchio, Daniele"]
[Black "Rossi, Damiano"]
[Result "1/2-1/2"]
[WhiteElo "2352"]
[BlackElo "1849"]
[Annotator "Gabriele Ballarin"]
[PlyCount "51"]
[EventDate "2003.05.03"]
[EventType "swiss"]
[EventRounds "6"]
[EventCountry "ITA"]

1. e4 e6 2. d3 d5 3. Qe2 Nf6 4. Nf3 dxe4 5. dxe4 Bd7 6. e5 Nd5 7. g3 c5 8. Bg2 Nc6 9. O-O g6 10. c4 Nde7 11. Nc3 Bg7 12. Ne4 O-O 13. Nxc5 Qc7 14. Rd1 Rad8 15. Bf4 Bc8 16. Ne4 Nf5 17. a3 Ncd4 18. Nxd4 Nxd4 19. Rxd4 Rxd4 20. Nd6 f6 21. Rc1 Rd8 22. Qe3 Qb6 23. b4 R4xd6 24. exd6 Qxe3 25. Bxe3 Rxd6 26. c5 1/2-1/2

[Event "63.Camp. Veneto Quarti di Finale"]
[Site "Arquà Petrarca ITA"]
[Date "2003.05.11"]
[Round "6.3"]
[White "Navarro, Emanuele"]
[Black "Fregonese, Giulio"]
[Result "0-1"]
[WhiteElo "2145"]
[BlackElo "2136"]
[Annotator "Gabriele Ballarin"]
[PlyCount "46"]
[EventDate "2003.05.03"]
[EventType "swiss"]
[EventRounds "6"]
[EventCountry "ITA"]
[SourceTitle "Inf 22"]

1. d4 Nf6 2. Nf3 g6 3. c4 Bg7 4. Nc3 d5 5. Bf4 c6 6. Qb3 dxc4 7. Qxc4 O-O 8. e4 Qa5 9. b4 Qb6 10. Rd1 Be6 11. d5 cxd5 12. Nxd5 Nxd5 13. exd5 Rc8 14. Qe4 Bf5 15. Qxe7 Nc6 16. Qc5 Nxb4 17. Qxb6 Nc2+ 18. Kd2 Bc3+ 19. Ke2 axb6 20. g4 Re8+ 21. Be3 Rxa2 22. Ne5 Nxe3+ 23. Kxe3 Rxe5+ 0-1